[Event "IECC CL7-2001.10"]
[Site "IECC email"]
[Date "2001.03.30"]
[Round "?"]
[White "Ellis, Nick"]
[Black "Smutek, Roman"]
[Result "1-0"]
[WhiteElo "1157"]
[BlackElo "1013"]
[PlyCount "61"]
[EventDate "2001.??.??"]
[EventType "tourn (corr)"]
[EventRounds "4"]
[SourceTitle "Corr 2008"]
[Source "ChessBase"]
[SourceDate "2008.06.24"]
[SourceVersion "1"]
[SourceVersionDate "2008.06.24"]
[SourceQuality "1"]

1. d4 d5 2. c4 dxc4 3. e4 b5 4. Nc3 c6 5. a4 a6 6. axb5 cxb5 7. Nxb5 e6 8. Nc3 Bb7 9. Bxc4 Bb4 10. Qa4+ Nc6 11. d5 exd5 12. exd5 Bxc3+ 13. bxc3 Qd7 14. Ne2 Ne5 15. Qxd7+ Nxd7 16. Rb1 Ne5 17. Rxb7 Nxc4 18. Rc7 Ne5 19. 0-0 Nf6 20. Rd1 0-0 21. Bg5 Rfd8 22. Bxf6 gxf6 23. d6 Rab8 24. f4 Nd7 25. Nd4 Rbc8 26. Nc6 Kf8 27. Nxd8 Rxd8 28. c4 Ke8 29. Re1+ Kf8 30. Re7 Nb6 31. Rxf7+ 1-0